In my Head : (Record no. 10833)
[ view plain ]
| 000 -CABECERA | |
|---|---|
| campo de control de longitud fija | 01384nam a22002777a 4500 |
| 001 - NÚMERO DE CONTROL | |
| campo de control | BRCA_9214 |
| 003 - IDENTIFICADOR DEL NÚMERO DE CONTROL | |
| campo de control | FranzMayer |
| 005 - FECHA Y HORA DE LA ÚLTIMA TRANSACCIÓN | |
| campo de control | 20220809135606.0 |
| 008 - DATOS DE LONGITUD FIJA--INFORMACIÓN GENERAL | |
| campo de control de longitud fija | 220722b |||||||| |||| 00| 0 eng d |
| 020 ## - NÚMERO INTERNACIONAL ESTÁNDAR DEL LIBRO | |
| Número Internacional Estándar del Libro | 9782940510382 |
| 040 ## - FUENTE DE LA CATALOGACIÓN | |
| Lengua de catalogación | spa |
| Centro/agencia transcriptor | MFM |
| 041 1# - CÓDIGO DE LENGUA | |
| Código de lengua del texto/banda sonora o título independiente | fre |
| -- | eng |
| 050 ## - SIGNATURA TOPOGRÁFICA DE LA BIBLIOTECA DEL CONGRESO | |
| Número de clasificación | N332.Sx3G5 |
| Número de documento/Ítem | I5 2018 v.1 |
| 245 ## - MENCIÓN DE TÍTULO | |
| Título | In my Head : |
| Resto del título | 2008-2018 |
| 260 ## - PUBLICACIÓN, DISTRIBUCIÓN, ETC. | |
| Lugar de publicación, distribución, etc. | Ginebra, Suiza : |
| Nombre del editor, distribuidor, etc. | HEAD-Gèneve, |
| Fecha de publicación, distribución, etc. | 2018 |
| 300 ## - DESCRIPCIÓN FÍSICA | |
| Extensión | 452 p. : |
| Otras características físicas | il., fot. col. ; |
| Dimensiones | 20 x 27 cm. |
| 500 ## - NOTA GENERAL | |
| Nota general | Ubicación: L59-N5 |
| 520 ## - SUMARIO, ETC. | |
| Sumario, etc. | Sean proyectos personales (In my Head) o proyectos colectivos realizados por la institución (Out of my Head), siempre se trata de promover una enseñanza que, más allá de la transmisión de herramientas plásticas y conceptuales, se esfuerza por reconocer de manera empírica lo que hace la singularidad de una generación y de la cultura que ella produce. El papel de la escuela consiste entonces en favorecer esta cultura emergente, en apoyarla en su esfuerzo de afirmación, emancipación y precisión. |
| 610 ## - PUNTO DE ACCESO ADICIONAL DE MATERIA--NOMBRE DE ENTIDAD CORPORATIVA | |
| Nombre de entidad corporativa o nombre de jurisdicción como elemento de entrada | Haute école d'art et de design (Geneva, Switzerland) |
| Subdivisión de forma | Catálogo |
| Subdivisión general | Estudiantes |
| -- | Diseño |
| -- | Arte |
| Subdivisión cronológica | 2008-2018 |
| 9 (RLIN) | 28483 |
| 650 ## - PUNTO DE ACCESO ADICIONAL DE MATERIA--TÉRMINO DE MATERIA | |
| Término de materia o nombre geográfico como elemento de entrada | Arte |
| Subdivisión general | Diseño |
| Subdivisión cronológica | 2008-2018 |
| 9 (RLIN) | 28484 |
| 700 ## - PUNTO DE ACCESO ADICIONAL--NOMBRE DE PERSONA | |
| Nombre de persona | Jean-Pierre Greff |
| Término indicativo de función/relación | Dir. ed. |
| 9 (RLIN) | 28486 |
| 700 ## - PUNTO DE ACCESO ADICIONAL--NOMBRE DE PERSONA | |
| Nombre de persona | Nic Ulmi |
| Término indicativo de función/relación | sel. y ed. textos |
| 9 (RLIN) | 28487 |
| 700 ## - PUNTO DE ACCESO ADICIONAL--NOMBRE DE PERSONA | |
| Nombre de persona | Alex Craker |
| Término indicativo de función/relación | trad. |
| 9 (RLIN) | 28485 |
| 942 ## - ELEMENTOS DE PUNTO DE ACCESO ADICIONAL (KOHA) | |
| Fuente del sistema de clasificación o colocación | Library of Congress Classification |
| Tipo de ítem Koha | Libros |
| Estado de retiro | Estado de pérdida | Fuente del sistema de clasificación o colocación | Estado dañado | No para préstamo | Localización permanente | Ubicación/localización actual | Fecha de adquisición | Total de préstamos | Signatura topográfica completa | Código de barras | Fecha visto por última vez | Precio válido a partir de | Tipo de ítem Koha |
|---|---|---|---|---|---|---|---|---|---|---|---|---|---|
| El ejemplar forma parte de la colección y puede ser consultado según las políticas vigentes. | Library of Congress Classification | Biblioteca del Museo Franz Mayer (Rogerio Casas-Alatriste) | Biblioteca del Museo Franz Mayer (Rogerio Casas-Alatriste) | 22/07/2022 | N332.Sx3G5 I5 2018 v.1 | CONT9999 | 22/07/2022 | 22/07/2022 | Libros |